000 00661nam a2200205Ia 4500
003 GCL
008 140319s9999 xx 000 0 ara d
040 _aGCL /
_cGCL
082 0 4 _a907.2
_bج ج
100 1 _aعلى رفاعة الانصارى
245 1 0 _aالجغرافيا والسيادة العالمية /
_cعلى رفاعة الانصارى
700 1 _aجريف، جيمز فير
700 1 _aمحمد عبدالمنعم الشرقاوى
300 _a332 ص
490 _aالالف كتاب
_v0
650 0 4 _aالتاريخ
650 0 4 _aالجغرافيا التاريخية
650 0 4 _aالحضارة القديمة
942 _2ddc
_cBK
999 _c44104
_d44104